Sub-brigadas sanitarias : Sub-brigada sanitaria provincial de Villafranca del Panadés / Diputación Provincial de Barcelona. Servicios Sanitarios Sub-brigada sanitaria provincial de Villafranca del Panadés / Diputación Provincial de Barcelona. Servicios Sanitarios
Descripción Física:
25 p., [17] f. de làm., 1 f. pleg. ; 27 cm
Materias:
Salut pública -- Vilafranca del Penedès
MARC
| LEADER | 00000nam a2200000Ia 4500 | ||
|---|---|---|---|
| 001 | 8724 | ||
| 003 | BGR | ||
| 005 | 20260324175649.0 | ||
| 008 | 160829s9999 xx 000 0 cat d | ||
| 080 | |a C-1-173 | ||
| 110 | 1 | |a Barcelona (Catalunya : Província). |b Diputació |b Serveis Sanitaris |9 52408 | |
| 245 | |a Sub-brigadas sanitarias : |b Sub-brigada sanitaria provincial de Villafranca del Panadés / Diputación Provincial de Barcelona. Servicios Sanitarios | ||
| 260 | |a Barcelona : |b (Casa Caritat), [s.a.] | ||
| 300 | |a 25 p., [17] f. de làm., 1 f. pleg. ; |c 27 cm | ||
| 650 | |a Salut pública |x Vilafranca del Penedès |9 37128 | ||
| 901 | |a Arxiu | ||
| 942 | |n 1 |2 udc |c MON | ||
| 952 | |0 0 |1 0 |4 0 |6 C1173 |7 1 |9 47684 |a Arxiu |b Arxiu |d 2016-12-01 |l 0 |o C-1-173 |p 8724 |r 2016-12-01 00:00:00 |w 2016-12-01 |y ARXIU | ||
| 999 | |c 51483 |d 51483 | ||